| 000 | 00874nam a22002417a 4500 | ||
|---|---|---|---|
| 999 |
_c8637 _d8637 |
||
| 003 | AR-CdUCM | ||
| 008 | 190325b ||||| |||| 00| 0 spa d | ||
| 040 |
_aMUNICIPALIDAD PROVINCIAL DEL CUSCO _cBIBLIOTECA MUNICIPAL DEL CUSCO |
||
| 041 | _hfre | ||
| 082 |
_a197.481 / _bC528 |
||
| 100 |
_aChauchard, Paul _923327 |
||
| 245 | _aHipnosis y sugestión / | ||
| 260 |
_aBarcelona : _bOikos-taus, _c1971. |
||
| 300 |
_a126 páginas ; _c18 cm. |
||
| 440 |
_aColección ¿Qué sé?. _n31 _924152 |
||
| 505 | _aContenido: Historia de la hipnosis -- Hipnosis animal -- Hipnosis completa del hipnotismo -- Sugestión sin hipnotismo -- Psicofisiología de la sugestión ... | ||
| 650 |
_aSueños - Aspectos psicológicos _924153 |
||
| 650 |
_aHipnotismo _924154 |
||
| 650 |
_aSugestión _924155 |
||
| 700 |
_aBatle N. (traducción) _924156 |
||
| 942 |
_2ddc _cLIBROS |
||
| 945 | _aachl | ||